00794cam a2200217 a 450000100100000000500170001000800410002704000300006808200190009810000280011724500710014526000480021630000380026450000190030250400300032160000430035191000330039404900090042795201230043699900170055900001920020200929165941.0760422s1969 xxcab b 001 0beng d aDO-SdBNPcDLCdDLCdBNPHU a923.773bB877R1 aRodney, William,94131310aKootenai Brown :bhis life and times, 1839-1916 /cWilliam Rodney. aSidney, Canada :bGray's Publishing,c1969. a251 p. :billus., maps. ;c24 cm. aIncludes index aBibliography: p. 218-223.10aBROWN, JOHN GEORGE,d1839-1916.941314 aCatalogación derivada / LC aBNGR 001054708MOaGRbGRcCTd2010-05-28iLF1l0o923.773 B877Rp19200-10r2020-06-25w2020-06-25y4ZPréstamo en sala c18718d18718